000 00421nam a2200181Ia 4500
001 16116
005 20260306170246.0
008 260306t1993||||xx |||||||||||||| ||und||
041 _aESP
082 _a346.61
_bL26
100 _aLarroumet, Christian
_eAUT
245 0 _aTeoría general del contrato
260 _c1993
300 _apágs. :
_c24 cm.
650 _aGEN
654 _aCDE
942 _cLIB
_dJUS
_fJUS
_2ddc
_n
999 _c16116
_d16116